A'nswers That S'tart Like T'his! Quiz Stats

Quiz Updated Mar 28, 2012

Challenge
Share
Tweet
Embed
Score 0/18 Timer 05:00
0 Plays Today
Hint Answer % Correct
Common nickname for the Major League Baseball team from OaklandA's
82.3%
Homer Simpson catchphrase now included in the Oxford English DictionaryD'oh!
79.4%
Campfire treat consisting of graham crackers, marshmallow, and chocolates'more
73.9%
Former NBA MVP Shaquille or Oscar winner TatumO'Neal
72.7%
Contraction often used in the Southern United States, such as in '_____ come back now!'y'all
71.7%
Located in Chicago, it's one of the busiest airports on EarthO'Hare
65.5%
Oft-used French phrase meaning 'That's life!'C'est la vie
59.8%
The world's largest cosmetics and beauty supplies companyL'Oréal
44.5%
Toy with plastic rods and connectors that can be used to build structuresK'Nex
43.3%
Hint Answer % Correct
The main character of 'The Three Musketeers', he was not actually a Musketeerd'Artagnan
29.9%
Jewish service organization founded in New York City in 1843B'nai B'rith
17%
Somali-Canadian musician whose song 'Wavin' Flag' became a soccer anthem in 2010K'naan
17%
Famous 1898 open letter by Émile Zola whose title became an expression of outrageJ'accuse
10.7%
17th-century French mathematician with an eponymous calculus rulel'Hôpital
10.6%
R&B singer with songs such as 'Cruisin'', 'Lady', and 'Untitled (How Does It Feel)'D'Angelo
9.6%
'80s UK group, named for a 'Star Trek' Vulcan, who did 'China in Your Hand' and 'Heart and Soul'T'Pau
9.2%
The capital and largest city of ChadN'Djamena
8.3%
Rock duo whose last 43 (and counting) singles have all reached #1 in JapanB'z
1%

You're not logged in!

Compare scores with friends on all Sporcle quizzes.
Join for Free
OR
Log In

You Might Also Like...

Show Comments

Extras

Top Quizzes Today


Score Distribution

Your Account Isn't Verified!

In order to create a playlist on Sporcle, you need to verify the email address you used during registration. Go to your Sporcle Settings to finish the process.

Report this User

Report this user for behavior that violates our Community Guidelines.

Details: